Quietud nerviosa en el horizonte (Record no. 714)

MARC details
000 -LEADER
campo de control de longitud fija 01315nam a22001937a 4500
008 - DATOS DE LONGITUD FIJA--INFORMACIÓN GENERAL
campo de control de longitud fija 150811b xxu||||| |||| 00| 0 eng d
020 ## - NÚMERO INTERNACIONAL ESTÁNDAR DEL LIBRO
Número Internacional Estándar del Libro 8496540200
082 ## - NÚMERO DE LA CLASIFICACIÓN DECIMAL DEWEY
Número de clasificación 708
Número de ítem B912q
100 ## - ENTRADA PRINCIPAL--NOMBRE DE PERSONA
Nombre de persona Brus, Günter
9 (RLIN) 3255
245 ## - MENCIÓN DEL TÍTULO
Título Quietud nerviosa en el horizonte
260 ## - PUBLICACIÓN, DISTRIBUCIÓN, ETC.
Lugar de publicación, distribución, etc. Barcelona :
Nombre del editor, distribuidor, etc. Museu d´Art Contemporani de Barcelona
Fecha de publicación, distribución, etc. c2005
300 ## - DESCRIPCIÓN FÍSICA
Extensión 304 págs.
Otras características físicas 1ll. (some col.),
Dimensiones 21 cm.
500 ## - NOTA GENERAL
Nota general Este catálogo se publica en ocasión de la exposición Günter Brus. Quietud nerviosa en el horizonte, que se presenta en el Museu d´Art Contemporani de Barcelona entre el 12 de octubre de 2005 y el 15 de enero de 2006.
505 ## - NOTA DE CONTENIDO CON FORMATO
Título Exceso pictórico. De la pintura de acción al body-art / Monika Faber
-- Blanco roto / John C. Welchman
-- Günther Brus : arte cisoria / Manuel Asensi
-- "No soy yo quien vive, sino mi artre" Günter Brus : del accionista al puntor-poeta/ Johanna Schwanberg
-- Como un torrente o pintura alrededor -- Autopintura = automutilación superada -- La locura total -- Investigación de la cosmovisión -- Ocaso de las Qui,eras -- Instintos ebrios -- Tiempo de estímulos -- Mantenerse en el marco de lo imposible
600 ## - PUNTO DE ACCESO ADICIONAL DE MATERIA--NOMBRE DE PERSONA
Nombre de persona Brus, Günter
Subdivisión de forma Exhibiciones
9 (RLIN) 3256
650 ## - PUNTO DE ACCESO ADICIONAL DE MATERIA--TÉRMINO DE MATERIA
Término de materia o nombre geográfico como elemento de entrada Arte Moderno
Subdivisión de forma Pintura
9 (RLIN) 3257
650 ## - PUNTO DE ACCESO ADICIONAL DE MATERIA--TÉRMINO DE MATERIA
Término de materia o nombre geográfico como elemento de entrada Arte Moderno
Subdivisión de forma Fotografía
9 (RLIN) 3258
650 ## - PUNTO DE ACCESO ADICIONAL DE MATERIA--TÉRMINO DE MATERIA
Término de materia o nombre geográfico como elemento de entrada Arte Moderno
Subdivisión de forma Dibujo
9 (RLIN) 3259
Holdings
Estatus retirado Estado de pérdida Fuente del sistema de clasificación o colocación Estado de daño No para préstamo Biblioteca de origen Biblioteca actual Ubicación en estantería Fecha de adquisición Total de préstamos Signatura topográfica completa Código de barras Visto por última vez Precio de reemplazo Tipo de ítem Koha
    Clasificación Decimal Dewey     Biblioteca LadoV Biblioteca LadoV   11/08/2015   708 B912q 000657 11/08/2015 11/08/2015 Material 01